| 000 | 00822nas a2200277 4500 | ||
|---|---|---|---|
| 001 | BR2018000671 | ||
| 003 | BR-BrBNA | ||
| 005 | 20231205131257.0 | ||
| 007 | ta | ||
| 008 | 230509b bl.|||p| |||| 00| 00por d | ||
| 040 |
_aBR-BrBNA _bpor _cBiblioteca Nacional de Agricultura |
||
| 041 | _a(Pt) | ||
| 072 | _aF60 | ||
| 100 | 1 | _aCosta, T. de O.G. | |
| 100 | 1 | _aAlmeida, R.A. de | |
| 100 | 1 | _aKoolen, H.H.F. | |
| 100 | 1 | _aSilva, F.M.A. da | |
| 100 | 1 | _aPinto, A.C. | |
| 245 | 1 | _aConstituintes químicos do caule de Protium hebetatum (Burseraceae) | |
| 650 | _aARVORE ANGIOSPERMA | ||
| 650 | _aCOMPOSIÇÃO QUIMICA | ||
| 650 | _aCAULE | ||
| 773 | 0 |
_tActa Amazônica (Brazil) _xISSN 0044-5967 _g(Dec 2012), v. 42(4) p. 557-560 _wBR2018000671 |
|
| 909 |
_a202311 _bLúcia _c55 _dLúcia Elande |
||
| 942 |
_2AGRIS _n0 _cANA |
||
| 999 |
_c253937 _d253937 |
||